000 00300nam a22001337a 4500
008 171124b xxu||||| |||| 00| 0 eng d
020 _a612714500273
041 _aeng
080 _a32
100 _a19
101 _aPOL
245 _aWHEN "I LOVE YOU" TURNS VIOLENT
_cJOHNSON,S.A
942 _2udc
_cBK
999 _c38497
_d38497